<?xml version="1.0" encoding="UTF-8"?>
<collection xmlns="http://www.loc.gov/MARC21/slim">
 <record>
  <leader>00497nam a22001575a 4500</leader>
  <controlfield tag="001">EHU.bham008164</controlfield>
  <controlfield tag="003">AR-BHAM</controlfield>
  <controlfield tag="005">20100106135845.0</controlfield>
  <controlfield tag="008">130507s1969##################000#0#####d</controlfield>
  <datafield tag="082" ind1="8" ind2="6">
   <subfield code="a">862.307</subfield>
  </datafield>
  <datafield tag="100" ind1="1" ind2=" ">
   <subfield code="a">Arroniz, Othon</subfield>
  </datafield>
  <datafield tag="245" ind1="1" ind2="0">
   <subfield code="a">La influencia italiana en el nacimiento de la comedia españoala /</subfield>
   <subfield code="c">Othon Arroniz.</subfield>
  </datafield>
  <datafield tag="260" ind1=" " ind2=" ">
   <subfield code="a">Madrid :</subfield>
   <subfield code="b">Gredos,</subfield>
   <subfield code="c">1969</subfield>
  </datafield>
  <datafield tag="300" ind1=" " ind2=" ">
   <subfield code="a">339 p.</subfield>
  </datafield>
  <datafield tag="653" ind1=" " ind2=" ">
   <subfield code="a">Teatro espaÑol-1517-1700</subfield>
  </datafield>
  <datafield tag="859" ind1=" " ind2=" ">
   <subfield code="a">AR-BHAM</subfield>
   <subfield code="b">BIB. HUMANIDADES - General</subfield>
   <subfield code="h">862.307</subfield>
   <subfield code="i">Ar69</subfield>
   <subfield code="p">99122.70</subfield>
   <subfield code="t">Ej.1</subfield>
  </datafield>
 </record>
</collection>
